Time (Record no. 179610)

MARC details
000 -LEADER
fixed length control field 00279nam a22001337a 4500
008 - FIXED-LENGTH DATA ELEMENTS--GENERAL INFORMATION
fixed length control field 210707s2006 xx 000 0 und d
041 ## - LANGUAGE CODE
Language code of text/sound track or separate title eng
082 ## - DEWEY DECIMAL CLASSIFICATION NUMBER
Classification number 052 TIME
100 ## - MAIN ENTRY--PERSONAL NAME
Personal name Richard Stengel
245 ## - TITLE STATEMENT
Title Time
260 ## - PUBLICATION, DISTRIBUTION, ETC.
Date of publication, distribution, etc. 2006
650 ## - SUBJECT ADDED ENTRY--TOPICAL TERM
Topical term or geographic name entry element Generalities
906 ## - LOCAL DATA ELEMENT F, LDF (RLIN)
a Time
Holdings
Withdrawn status Lost status Damaged status Not for loan Home library Current library Date acquired Serial Enumeration / chronology Total Checkouts Full call number Barcode Date last seen Price effective from Koha item type
        St Aloysius Library St Aloysius Library 08/26/2010 Vol no:167; Issue no:06-01   052 TIME BV0785 07/07/2021 07/07/2021 Bound Volume